Le poème de Parménide

Na minha lista:
Detalhes bibliográficos
Autor principal: Beaufret, Jean (Author)
Formato: Livro
Idioma:francês
Publicado em: París Presses Universitaires de France 1955
Colecção:Epiméthée essais philosohiques
Assuntos:
Tags: Adicionar Tag
Sem tags, seja o primeiro a adicionar uma tag!

MARC

LEADER 00000nam a2200000 a 4500
001 UCY5862
003 CL-VaPUC
008 950512e19550000FR |||||||||||||||||fre|d
082 0 4 |a 182  |b BEA  |2 21 
100 0 |a Beaufret, Jean  |e author  |9 335252 
245 1 3 |a Le poème de Parménide  
300 |a 93 p 
942 |c BK 
945 |d 19950512 00:00:00  |a oaravena 
260 |a París  |b Presses Universitaires de France  |c 1955 
600 0 |a Parménides  |d ca. 515 A.C.-ca. 470 A.C.  |9 870085 
650 0 |a Filosofía antigua   |9 255705 
650 0 |a Poesías  |9 267890 
650 0 |a Filosofía del espíritu  |9 320175 
650 0 |a Presocráticos  |9 325852 
651 0 |a Grecia  |9 265314 
583 |a last modification  |c 19950512 00:00:00  |k Rodrigo Vera 
490 0 |a Epiméthée essais philosohiques 
999 |c 233468  |d 233466 
952 |0 0  |1 0  |4 0  |6 182_000000000000000_BEA_1955  |7 0  |8 P  |9 239019  |a BIBEDU  |b BIBEDU  |c BIBEDU_PB  |d 2019-11-18  |i 1501240  |o 182 BEA 1955  |p 1501240  |r 2024-01-25  |w 2019-11-18  |y BK  |k FIL 
952 |0 0  |1 0  |4 0  |6 182_000000000000000_BEA_1955  |7 0  |8 P  |9 239020  |a BIBEDU  |b BIBEDU  |c BIBEDU_PB  |d 2019-11-18  |i 1501259  |o 182 BEA 1955  |p 1501259  |r 2024-01-25  |w 2019-11-18  |y BK  |k FIL